Perspectives on Selected Aspects of the Transit to a Monetary Union

Úloha makroekonomických konvergenčných kritérií. Modely menovej krízy v ekonomike flexibilného a pevného výmenného kurzu.

Gespeichert in:
Bibliographische Detailangaben
1. Verfasser: Hudec, Martin
Format: Buchkapitel
Sprache:Englisch
Schlagworte:
Tags: Tag hinzufügen
Keine Tags, Fügen Sie das erste Tag hinzu!

MARC

LEADER 00000naa a2200000 4500
001 0249900
005 20240502074012.0
041 0 |a eng 
044 |a SK 
245 1 0 |a Perspectives on Selected Aspects of the Transit to a Monetary Union  |c Martin Hudec 
520 |a Úloha makroekonomických konvergenčných kritérií. Modely menovej krízy v ekonomike flexibilného a pevného výmenného kurzu. 
610 2 0 |a únie menové 
610 2 0 |a konvergencia 
610 2 0 |a kurz výmenný pevný 
610 2 0 |a kurz výmenný pohyblivý 
610 2 0 |a politika menová 
610 2 0 |a modely ekonomicko-matematické 
100 1 |a Hudec, Martin